000 01397nam a2200241Ia 4500
999 _c56355
_d56355
001 23468
003 GE_BSU
005 20221124170250.0
008 181216s1975ge xx |||||||||||||| ||geo||
040 _cGE_BSU
041 _ageo
080 _a94(37)(092) პ-46
100 _aპლუტარქე
_916068
245 _aრჩეული ბიოგრაფიები /
_cპლუტარქე ; [ძველბერძნულიდან თარგმნა, შესავალი წერილი და განმარტებები დაურთო აკ. ურუშაძემ ; ილ. ლ. გრიგოლია].
264 _aთბილისი :
_bსაბჭ. საქართველო,
_c1975.
300 _a711 გვ. ;
_b22 სმ.
440 _aმსოფლიო ლიტერატურის ბიბლიოთეკა : 1-ლი სერია ; ტ. 4
_916069
653 _aრომაელი ისტორიული მოღვაწეები; ძველი ბერძენი ისტორიული მოღვაწეები
653 _aრჩეული ბიოგრაფიები
700 _aურუშაძე, აკ.
_eმთარგმნელი
_916070
700 _aგრიგოლია, ლ
_eილუსტრატორი
_97591
942 _cBK
_2udc